Predstavy o funkcii mimovládnych organizácií sú skreslené

Bibliographic Details
Main Author: Mesík, Juraj, 1962- (Author)
Format: Article
Language:Slovak
Subjects:

MARC

LEADER 00000nab a2200000 a 4500
001 vtls000777546
003 SK-MaSNL
005 20260426071656.0
008 180205c2001 xo 0 slo
015 |a SNBRB2001/12-35418 
035 |a CLN000129331 
040 |a SNKBUCL  |b slo  |c SNKBUCL  |e AACR2 
041 0 |a slo 
044 |a xo  |c SK 
080 |a 061.23(437.6):336.57  |2 UDC-MRF-SK2 
100 1 |a Mesík, Juraj,  |d 1962-  |4 aut  |9 125701 
245 1 0 |a Predstavy o funkcii mimovládnych organizácií sú skreslené  |c Juraj Mesík 
650 0 7 |a financovanie  |2 SNKPH  |9 16004 
650 0 7 |a mimovládne organizácie  |2 SNKPH  |9 194400 
651 7 |a Slovensko  |2 SNKPHgeo  |9 14231 
655 7 |a články z novín a časopisov  |2 SNK  |9 267496 
773 0 |t Sme  |g Roč. 9, č. 183 (9.8.2001), s. 6 
850 |a Slovenská národná knižnica v Martine 
852 |a SNK  |b KIS3GCP 
958 |a RBX 
999 |c 2680913  |d 2682843